000 01172nam a2200289Ia 4500
001 Z_1185
008 220113s9999 xx 000 0 und d
010 _a164270
082 _a636.080913 U3
100 _aUACH. Subdirección de Investigación. Coordinación de Servicios
_9138382
245 _aDiagnóstico integral de la ganadería bovina en el trópico mexicano /
_c
260 _a
300 _a
440 _a
500 _ade Yucatán: resúmen -- v.4 La ganadería bovina en la región de Veracruz - Centro -- v.5 La ganadería bovina en la Cuenca del Papaloapan -- v.6 Delimitación preliminar de regiones ganaderas en el trópico mexicano -- v.7 Reporte de actividades realizadas
503 _a
650 _a
_x Producción
_9138383
650 _aGanado vacuno
_xMercadeo 1
_9138384
650 _aGanado vacuno
_xOaxaca I. Programa de Desarrollo Integral de la Ganadería Bovina en el Trópico Mexicano II. t.
_9138385
650 _aGanado vacuno
_xTabasco 1
_9138386
650 _aGanado vacuno
_xTrópicos 1 Ganado vacuno
_xMejoramiento 1
_9138387
901 _a636.080913 U3
902 _aA
910 _a
942 _cc1
999 _c164270
_d164270